Disney Characters - Statistics

General Stats
  • This quiz has been taken 2,397 times
  • The average score is 12 of 15
Answer Stats
Hint Answer % Correct
Aurora Sleeping Beauty
96%
Gaston Beauty and the Beast
94%
Sebastian The Little Mermaid
92%
Dopey Snow White
91%
Sven Frozen
89%
Carpet Aladdin
86%
Zazu Lion King
82%
Shenzi Lion King
82%
Yao Mulan
79%
Flower Bambi
74%
Megara Hercules
74%
Eugene Fitzherbert Tangled
72%
Meeko Pocahontas
65%
Meredith Brave
58%
Nani Pelekai Lilo and Stitch
48%
No matching quizzes found
Score Distribution
Percent of People with Each Score
Percentile by Number Answered
Your Score History
You have not taken this quiz